000 00650nam a2200277Ia 4500
005 20260324132631.0
008 008 260324s9999 xx 000 0 eng d
020 _a9781315245454
037 _aEBOOK
040 _aCRL
040 _beng
040 _cCRL
041 _2eng
041 _aeng
084 _qCRL
100 _aMike Dent; John Chandler
_91190036
245 0 _aQuestioning the New Public Management
260 _bTaylor and Francis
260 _c2004
365 _a
365 _b230
856 _uhttp://www.taylorfrancis.com/books/9781315245454
942 _cEBOOK
999 _c1788305
_d1788305